000 00664nam a2200193Ia 4500
005 20250508155715.0
008 008 250505s9999 xx 000 0 eng d
037 _aDissertations
040 _aFEDL
_beng
_cFEDL
041 _aeng
_2eng
084 _a370.7, SHA/DI
_qFEDL
100 _aSharma Suraj Narain
245 0 _aComparative study of the teachers and organisers towards in-service programmes of correspondence and other courses organised by the state institute of education, Delhi
260 _c1971
300 _a104p.
546 _aM.Ed. Dissertation (Delhi University)
942 _cDIS
_h370.7, SHA/DI
999 _c1358893
_d1358893